[Event "AUTO-INT-3913"]
[Site "http://www.queenalice.com/game.php?id=1851306"]
[Date "2025.1.31"]
[Round "1"]
[White "SamuraiJOM"]
[Black "Rasumichin"]
[Result "1-0"]
[WhiteElo "1740"]
[BlackElo "1715"]

1. e4 e5 2. Nf3 Nc6 3. Bc4 Bc5 4. O-O h6 5. c3 Na5 6. Bd3 d6 7. c4 Be6 8. b3 Nf6
9. Be2 Nxe4 10. d3 Ng5 11. Nc3 Qf6 12. Ne4 Nxe4 13. dxe4 O-O 14. Be3 Bxe3 15.
fxe3 c5 16. Qxd6 b6 17. Qxe5 Qxe5 18. Nxe5 Rad8 19. h3 f6 20. Ng6 Rf7 21. Bh5
Rfd7 22. Nf4 Bf7 23. Ng6 Rd3 24. Rfe1 Nc6 25. Nf4 R3d7 26. a4 Bxh5 27. Nxh5 Ne5
28. a5 Nc6 29. Rf1 Ne5 30. axb6 Ra8 31. bxa7 Raxa7 32. Rxa7 Rxa7 33. Nf4 g5 34.
Nd5 Kg7 35. Nxf6 Rf7 36. Nh5+ Kg6 37. Ng3 Nd3 38. Ne2 h5 39. Rxf7 Kxf7 40. g4
hxg4 41. hxg4 Kf6 42. Ng3 Ne5 43. Kf1 Nxg4 44. Ke2 Ne5 45. Nh5+ Kg6 46. Ng3 g4
47. Nf5 Kh5 48. Ng3+ Kh4 49. Kf2 Nd3+ 50. Kg2 Nc1 51. e5 Nd3 52. e6 Ne1+ 53. Kh2
Nc2 54. e7 Nxe3 55. e8=Q Nc2 56. Qh5# 1-0

[Event "AUTO-INT-3913"]
[Site "http://www.queenalice.com/game.php?id=1851307"]
[Date "2025.1.31"]
[Round "1"]
[White "Rasumichin"]
[Black "SamuraiJOM"]
[Result "1-0"]
[WhiteElo "1652"]
[BlackElo "1696"]

1. e4 e5 2. d4 Bd6 3. d5 Nf6 4. Nc3 c6 5. Be2 b5 6. Bg5 h6 7. Be3 a6 8. h3 b4 9.
Na4 Bc7 10. Nc5 d6 11. Nd3 Nxe4 12. Nxb4 Bf5 13. Nxc6 Nxc6 14. dxc6 Nf6 15. Nf3
Bb6 16. Nh4 Be4 17. Qd2 Bxc6 18. Nf5 Bxg2 19. Rg1 Ne4 20. Qd5 O-O 21. Rxg2 Nf6
22. Rxg7+ Kh8 23. Bxh6 Nxd5 24. O-O-O Nf4 25. Bg4 Ne6 26. Rxd6 Qc7 27. Rxe6 Rac8
28. c3 Bxf2 29. Ne7 Rce8 30. Ng6+ fxg6 31. Rxc7 Rg8 32. Rxa6 Bc5 33. Rxc5 e4 34.
Be3 g5 35. Bxg5 e3 36. Rh6+ Kg7 37. Rc7+ Kf8 38. Rf6# 1-0

[Event "AUTO-INT-3913"]
[Site "http://www.queenalice.com/game.php?id=1851318"]
[Date "2025.1.31"]
[Round "1"]
[White "Rocio"]
[Black "Rasumichin"]
[Result "1-0"]
[WhiteElo "1489"]
[BlackElo "1675"]

1. e4 e5 2. Nf3 Nc6 3. Nc3 Bb4 4. Nd5 Nf6 5. a3 Ba5 6. c3 Nxe4 7. Bd3 Nc5 8. Bf5
d6 9. Bc2 Be6 10. d3 Bxd5 11. Bg5 f6 12. Be3 Qd7 13. h3 h6 14. d4 exd4 15. Bf4
O-O-O 16. b4 Bb6 17. bxc5 Bxc5 18. cxd4 Rde8+ 19. Kf1 Bb6 20. Ba4 Re4 21. Bd2
Bc4+ 22. Kg1 Rhe8 23. Rb1 f5 24. Kh2 d5 25. Rf1 Qd6+ 26. Kh1 Nxd4 27. Bb4 Bc5
28. Bxe8 Rxe8 29. Nxd4 Bxf1 30. Qxf1 f4 31. Nb5 Qb6 32. Qd3 a6 33. Qf5+ Kb8 34.
Qxd5 c6 35. Bxc5 Qa5 36. Qd6+ Kc8 37. Na7# 1-0

[Event "AUTO-INT-3913"]
[Site "http://www.queenalice.com/game.php?id=1851319"]
[Date "2025.1.31"]
[Round "1"]
[White "Rasumichin"]
[Black "Rocio"]
[Result "1-0"]
[WhiteElo "1653"]
[BlackElo "1543"]

1. e4 e5 2. Nf3 d6 3. d4 Bg4 4. Be2 Nf6 5. Nc3 a6 6. h3 Bxf3 7. Bxf3 h6 8. Be3
Nc6 9. d5 Nb4 10. a3 Nbxd5 11. Nxd5 Nd7 12. Qd3 c6 13. Nb4 c5 14. Nd5 Qa5+ 15.
Bd2 Qd8 16. c4 Nb8 17. b4 a5 18. b5 b6 19. a4 Nd7 20. Be3 g6 21. O-O Qh4 22.
Nc7+ Kd8 23. Nxa8 Be7 24. Qd5 Rf8 25. Qc6 f5 26. Qc7+ Ke8 27. Nxb6 Nxb6 28. Qxb6
fxe4 29. Bxe4 Qxe4 30. Qxa5 h5 31. Qc7 Kf7 32. Bg5 Re8 33. f3 Qf5 34. a5 Qxg5
35. a6 Ke6 36. a7 Qe3+ 37. Rf2 e4 38. a8=Q Rxa8 39. Rxa8 exf3 40. Re8 Qc1+ 41.
Kh2 Qxc4 42. Qxe7+ Kd5 43. Qe6+ Kd4 44. Qe3+ Kd5 45. Rd2+ Qd4 46. Qxf3+ Kc4 47.
Rxd4+ Kxd4 48. b6 d5 49. b7 c4 50. b8=Q c3 51. Qb4# 1-0

[Event "AUTO-INT-3913"]
[Site "http://www.queenalice.com/game.php?id=1851324"]
[Date "2025.1.31"]
[Round "1"]
[White "Jomaley"]
[Black "Rasumichin"]
[Result "1-0"]
[WhiteElo "1531"]
[BlackElo "1674"]

1. e4 e5 2. d3 d5 3. exd5 Qxd5 4. Bg5 f6 5. Be3 Nc6 6. c3 Be6 7. c4 Qd7 8. f4
Bb4+ 9. Nc3 Nge7 10. fxe5 Nxe5 11. a3 Bd6 12. Nf3 Nxf3+ 13. Qxf3 Qc6 14. Qxc6+
Nxc6 15. g3 O-O-O 16. b4 g5 17. b5 Ne5 18. c5 Bf8 19. O-O-O Bb3 20. Rd2 Nf3 21.
Rf2 Rxd3 22. Bxd3 g4 23. Kb2 Be6 24. c6 b6 25. Ne4 f5 26. Ng5 Nxg5 27. Bxg5 Bg7+
28. Kb1 Bd4 29. Bxf5 Bxf5+ 30. Rxf5 h6 31. Bf4 Rd8 32. Bxh6 Bc5 33. Rg5 Bxa3 34.
Rxg4 Bc5 35. h4 Rh8 36. Bf4 Rf8 37. Rg7 Bd6 38. Bxd6 cxd6 39. Rxa7 Rf5 40. Ra8+
Kc7 41. Re1 d5 42. Rh1 d4 43. g4 Rxb5+ 44. Kc1 Kxc6 45. h5 d3 46. h6 Rc5+ 47.
Kd2 Kb7 48. Rd8 Rg5 49. h7 Rxg4 50. h8=Q Rg2+ 51. Kc3 Rc2+ 52. Kxd3 Ra2 53. Rh7+
Ka6 54. Ra8+ 1-0

[Event "AUTO-INT-3913"]
[Site "http://www.queenalice.com/game.php?id=1851325"]
[Date "2025.1.31"]
[Round "1"]
[White "Rasumichin"]
[Black "Jomaley"]
[Result "1-0"]
[WhiteElo "1643"]
[BlackElo "1540"]

1. e4 e5 2. Nf3 Bd6 3. d4 exd4 4. Nxd4 Qe7 5. Nc3 c5 6. Nf5 Qf8 7. Nxd6+ Kd8 8.
e5 Qe7 9. Bf4 f6 10. Nd5 Qe6 11. Bc4 g5 12. Bg3 Nc6 13. Qh5 Nxe5 14. Be2 Qxd6
15. Bc4 Ne7 16. O-O-O Nxd5 17. Rxd5 Qe7 18. b3 Nxc4 19. bxc4 a5 20. Bd6 Qe6 21.
Rhd1 b6 22. Qh6 Ba6 23. Qg7 Rg8 24. Qxh7 Bxc4 25. Be7+ Qxe7 26. Qxg8+ Qe8 27.
Rxd7+ Kc8 28. Qxe8# 1-0

[Event "Rasumichin"]
[Site "http://www.queenalice.com/game.php?id=1854987"]
[Date "2025.4.4"]
[Round "4"]
[White "SamuraiJOM"]
[Black "Rasumichin"]
[Result "0-1"]
[WhiteElo "1667"]
[BlackElo "1661"]

1. e4 e5 2. Nf3 Nc6 3. a3 Bc5 4. c3 h6 5. Bc4 d6 6. O-O Nf6 7. d4 exd4 8. cxd4
Bb6 9. Nc3 a6 10. d5 Ne5 11. Be3 Bxe3 12. fxe3 Bg4 13. Be2 Qd7 14. Qc2 Nxf3+ 15.
Bxf3 O-O 16. Qa4 Qxa4 17. Nxa4 b5 18. Nc3 h5 19. Bxg4 Nxg4 20. Rfe1 Ne5 21. h3
g5 0-1

[Event "AUTO-INT-3925"]
[Site "http://www.queenalice.com/game.php?id=1855005"]
[Date "2025.4.5"]
[Round "1"]
[White "Rasumichin"]
[Black "profeta"]
[Result "1-0"]
[WhiteElo "1656"]
[BlackElo "1704"]

1. e4 e5 2. Nf3 Nc6 3. Bb5 a6 4. Bc4 Nf6 5. Nc3 d6 6. h3 h6 7. d3 d5 8. exd5 Na5
9. b3 Bb4 10. Bd2 e4 11. dxe4 O-O 12. Ne5 Nxc4 13. Nxc4 b5 14. Ne5 Nd7 15. Nc6
Qf6 16. Nxb4 a5 17. Nc6 Bb7 18. Nxb5 Qxa1 19. Qxa1 Bxc6 20. dxc6 Nc5 21. Nxc7
Rac8 22. Bxa5 Nxe4 23. O-O Kh7 24. Qe5 Nd2 25. Bxd2 g6 26. Qf4 g5 27. Qf5+ Kg8
28. Bb4 Rxc7 29. Bxf8 Kxf8 30. Qf6 Re7 31. Qh8# 1-0

[Event "AUTO-INT-3925"]
[Site "http://www.queenalice.com/game.php?id=1855006"]
[Date "2025.4.5"]
[Round "1"]
[White "profeta"]
[Black "Rasumichin"]
[Result "0-1"]
[WhiteElo "1572"]
[BlackElo "1671"]

1. e4 e5 2. Nf3 Nc6 3. Nc3 Nf6 4. Bb5 a6 5. Bxc6 dxc6 6. Nxe5 Bd6 7. d4 Be6 8.
Bg5 h6 9. Bxf6 Qxf6 10. Qf3 Qxf3 11. Nxf3 O-O 12. O-O f5 13. e5 Bb4 14. a3 Be7
15. Rae1 Rad8 16. Na4 Bd5 17. Nc5 b5 18. Nb7 Rb8 19. Nc5 Ra8 20. Nd7 Rfd8 21.
Nc5 a5 22. b3 g5 23. e6 g4 24. Ne5 h5 25. Ng6 Re8 26. Nxe7+ Rxe7 27. Re5 Rf8 28.
f3 gxf3 29. gxf3 Rg7+ 30. Kh1 Rf6 31. Nd7 Rfg6 32. e7 Bf7 33. e8=Q+ Bxe8 34.
Rxe8+ Kh7 35. Ne5 Rd6 36. c3 h4 37. Rg1 Rxg1+ 38. Kxg1 f4 39. Re7+ Kg8 40. Rxc7
h3 41. Rc8+ Kg7 42. Rc7+ Kf6 43. Rh7 Rd5 44. Rh6+ Kg5 45. Rxh3 c5 0-1

[Event "AUTO-INT-3925"]
[Site "http://www.queenalice.com/game.php?id=1855007"]
[Date "2025.4.5"]
[Round "1"]
[White "Rasumichin"]
[Black "Ruusgugg"]
[Result "1-0"]
[WhiteElo "1683"]
[BlackElo "1340"]

1. e4 g5 2. d4 e6 3. e5 d6 4. Nf3 g4 5. Bg5 f6 6. Bd2 gxf3 7. Qxf3 d5 8. Bb5+ c6
9. Bd3 Qb6 10. Qh5+ Kd8 11. Bxh7 Qxb2 12. Bc3 Qxc2 13. Bxc2 Rxh5 14. Bg6 Rg5 15.
Bd3 Rxg2 16. Bf1 Rg4 17. Be2 Re4 18. Nd2 Rf4 19. Nf3 fxe5 20. Nxe5 Nd7 21. Ng6
Re4 22. f3 Re3 23. Bd2 Bh6 24. Bxe3 Bxe3 25. f4 Bxd4 26. O-O-O Be3+ 27. Kc2 Ngf6
28. h4 Ne4 29. Bg4 Nf2 30. Rhg1 Nxd1 31. Rxd1 Nf6 32. h5 Nxg4 33. a4 a5 34. Rh1
c5 35. h6 Bd4 36. h7 b5 37. axb5 a4 38. b6 a3 39. Kb3 a2 40. h8=Q+ Kd7 41. Nf8+
Kc6 42. Qh7 c4+ 43. Kb4 Bc5+ 44. Kc3 d4+ 45. Kxc4 Ba6+ 46. Kb3 Bb5 47. Qc7+ Kd5
48. Rh5+ Ke4 49. Qb7+ Kxf4 50. Qxa8 Ne3 51. Nxe6+ Kg4 52. Rg5+ Kh3 53. Qh8# 1-0

[Event "AUTO-INT-3925"]
[Site "http://www.queenalice.com/game.php?id=1855009"]
[Date "2025.4.5"]
[Round "1"]
[White "Rasumichin"]
[Black "NickThorp"]
[Result "1-0"]
[WhiteElo "1685"]
[BlackElo "1499"]

1. e4 e5 2. Nf3 Nc6 3. Bb5 a6 4. Bc4 Bc5 5. d3 d6 6. Bd2 Nf6 7. h3 Nd4 8. Nxd4
Bxd4 9. O-O h6 10. Bc3 Bxc3 11. Nxc3 Be6 12. Bxe6 fxe6 13. Qd2 Qe7 14. f3 O-O-O
15. a3 g5 16. g4 h5 17. Qxg5 Rdg8 18. Qe3 hxg4 19. fxg4 Nh5 20. Rf3 Nf4 21. Kf2
Qh4+ 22. Rg3 Rf8 23. Rh1 Nd5+ 24. Qf3 Rxf3+ 25. Kxf3 Rf8+ 26. Kg2 Nf4+ 27. Kh2
c5 28. b4 cxb4 29. axb4 Ng6 30. Ne2 Rf2+ 31. Rg2 Rxg2+ 32. Kxg2 Nf4+ 33. Nxf4
exf4 34. c4 Kc7 35. d4 Qf6 36. Rd1 f3+ 37. Kf2 Qf4 38. Re1 Qh2+ 39. Kxf3 Qxh3+
40. Kf2 Qh4+ 41. Ke2 1-0

[Event "AUTO-INT-3925"]
[Site "http://www.queenalice.com/game.php?id=1855010"]
[Date "2025.4.5"]
[Round "1"]
[White "NickThorp"]
[Black "Rasumichin"]
[Result "0-1"]
[WhiteElo "1490"]
[BlackElo "1694"]

1. e4 e5 2. Nf3 Nc6 3. Bb5 Nge7 4. d3 a6 5. Ba4 d6 6. h3 h6 7. Nc3 Bd7 8. O-O b5
9. Bb3 b4 10. Nd5 Nd4 11. Nxd4 c5 12. Nf3 Nc6 13. Be3 a5 14. Bc4 Be6 15. a3 Qb8
16. axb4 Nxb4 17. c3 Nxd5 18. exd5 Bd7 19. b3 Be7 20. Ra4 Bxa4 21. bxa4 O-O 22.
Qd2 Qc7 23. Rb1 Rab8 24. Rxb8 Rxb8 25. Kh2 f6 26. Nh4 g5 27. Nf5 Qd7 28. Nxh6+
Kg7 29. Ng4 f5 30. Bxg5 fxg4 31. Bxe7 Qxe7 32. Bb5 e4 33. dxe4 Qe5+ 34. f4 gxf3+
35. Kg1 Qxe4 36. gxf3 Qxf3 37. Qg5+ Kf7 38. c4 Qxh3 39. Qf4+ Ke7 40. Qe4+ Kf6
0-1

[Event "Let's Play Chess!"]
[Site "http://www.queenalice.com/game.php?id=1856140"]
[Date "2025.4.26"]
[Round "-"]
[White "Charles56"]
[Black "Rasumichin"]
[Result "1-0"]
[WhiteElo "1837"]
[BlackElo "1670"]

1. Nf3 d5 2. d4 Nc6 3. e3 Bg4 4. h3 Bf5 5. a3 h6 6. Bb5 Qd7 7. Ne5 f6 8. Nxd7
Bxd7 9. Nc3 a6 10. Ba4 b5 11. Bb3 e6 12. Qh5+ Ke7 13. e4 Be8 14. Qg4 Nxd4 15.
exd5 e5 16. Be3 h5 17. Qe4 Bf7 18. Bxd4 Kd6 19. Be3 Ne7 20. f4 Bg6 21. Qb4+ Kd7
22. fxe5 fxe5 23. O-O-O Nf5 24. Bc5 Bd6 25. Bxd6 cxd6 26. Ne4 Ne3 27. Rd2 Nf5
28. Re2 h4 29. g4 Nd4 30. Qxd6+ Ke8 31. Qxe5+ Kf7 32. Qxd4 Rhd8 33. Rf1+ Kg8 34.
Ng5 Rdc8 35. d6+ Bf7 36. Rxf7 a5 37. Qxg7# 1-0

[Event "Capixaba789-3"]
[Site "http://www.queenalice.com/game.php?id=1856570"]
[Date "2025.5.2"]
[Round "5"]
[White "Rasumichin"]
[Black "sasquatico"]
[Result "0-1"]
[WhiteElo "1727"]
[BlackElo "1831"]

1. e4 e5 2. Nf3 d6 3. d4 exd4 4. Nxd4 Bd7 5. Be3 Nc6 6. a3 h6 7. Nxc6 Bxc6 8.
Nc3 a6 9. Bd3 Be7 10. O-O Nf6 11. Qf3 Qd7 12. b4 Ng4 13. h3 Ne5 14. Qg3 Nxd3 15.
cxd3 g5 16. Bd4 f6 17. Qg4 Qxg4 18. hxg4 h5 19. f3 h4 20. Kf2 O-O-O 21. Rh1 d5
22. e5 Rh6 23. e6 Rdh8 24. Rh3 Rf8 25. Bc5 Kd8 26. Bxe7+ Kxe7 27. Re1 f5 28. a4
fxg4 29. Rhh1 gxf3 30. gxf3 g4 31. Re3 d4 32. Re4 Rxf3+ 33. Ke2 Bxe4 34. Nxe4
Rxe6 35. Rxh4 Re3+ 36. Kf2 R6xe4 37. Rh7+ Kd6 38. dxe4 Rxe4 39. Rh6+ Kd5 40. Rh7
Kc4 41. Rxc7+ Kxb4 42. Rxb7+ Kxa4 43. Rb6 Ka5 44. Rg6 Kb5 45. Kg3 a5 46. Rg5+
Kb4 47. Rd5 a4 48. Rh5 a3 49. Rh1 Kb3 50. Rb1+ Kc2 51. Rb8 d3 52. Rc8+ Kb3 53.
Rb8+ Rb4 54. Rd8 Kc2 55. Kf2 a2 56. Ke3 a1=Q 57. Rxd3 Qe1# 0-1

[Event "Let's Play Chess!"]
[Site "http://www.queenalice.com/game.php?id=1856580"]
[Date "2025.5.3"]
[Round "-"]
[White "Rasumichin"]
[Black "Charles56"]
[Result "0-1"]
[WhiteElo "1677"]
[BlackElo "1931"]

1. e4 e5 2. Nf3 d6 3. d4 exd4 4. Nxd4 h6 5. Be3 a6 6. Bd3 Nf6 7. h3 Qe7 8. Nc3
Bd7 9. Qf3 Nc6 10. a3 Nxd4 11. Bxd4 c5 12. e5 dxe5 13. Qxb7 exd4+ 14. Ne2 Qd8
15. O-O Bd6 16. c3 dxc3 17. bxc3 O-O 18. c4 Qe7 19. Rfe1 Qe5 20. Ng3 Qd4 21. Nf5
Bxf5 22. Bxf5 Qf4 23. Be4 Rfb8 24. Qxa8 Rxa8 25. Bxa8 Qxc4 26. Rab1 Nh5 27. Re8+
Kh7 28. Be4+ g6 29. g3 f5 30. Rb7+ Ng7 31. Rb6 Nxe8 32. Bc6 Ng7 33. a4 Qd4 34.
Rxa6 Bxg3 0-1

[Event "Let's Play 863"]
[Site "http://www.queenalice.com/game.php?id=1858895"]
[Date "2025.6.25"]
[Round "-"]
[White "Rasumichin"]
[Black "digger"]
[Result "0-1"]
[WhiteElo "1700"]
[BlackElo "1668"]

1. e4 e5 2. Nf3 Nc6 3. Bb5 Qf6 4. Nc3 Bc5 5. d3 h6 6. a3 Nd4 7. Nd5 Qd6 8. c3
Ne6 9. d4 exd4 10. cxd4 Bb6 11. Ne5 Bxd4 12. Nc4 Qc5 13. Ba4 Qxc4 14. b3 Qc5 15.
Rb1 Bxf2+ 16. Ke2 Bd4 17. b4 Qc4+ 18. Ke1 c6 19. Nf4 Bc3+ 20. Bd2 Nxf4 21. Qg4
Qxe4+ 22. Kd1 Bxd2 23. Kxd2 Qd4+ 24. Kc1 Nd3+ 0-1

[Event "Let's Play 864"]
[Site "http://www.queenalice.com/game.php?id=1858896"]
[Date "2025.6.25"]
[Round "-"]
[White "digger"]
[Black "Rasumichin"]
[Result "1-0"]
[WhiteElo "1681"]
[BlackElo "1673"]

1. d4 d5 2. e3 e6 3. Bd2 Nf6 4. Bb5+ Bd7 5. Qe2 c6 6. Ba4 b5 7. Bb3 c5 8. c3 c4
9. Bc2 Nc6 10. a3 Bd6 11. Nf3 h6 12. b3 a6 13. bxc4 dxc4 14. e4 e5 15. d5 Ne7
16. O-O Bg4 17. a4 Qa5 18. h3 Bh5 19. g4 Bg6 20. Rd1 O-O 21. Nh4 Bh7 22. g5 hxg5
23. Bxg5 b4 24. Qxc4 Rac8 25. Qb3 Nxe4 26. f3 Nxg5 27. c4 Qc5+ 28. Kg2 a5 29.
Bxh7+ Kxh7 30. Qd3+ f5 31. Rf1 g6 32. Nd2 f4 33. Rae1 Rb8 34. Qb3 Kg7 35. Rb1
Rb6 36. Qd3 Kh6 37. Kh2 Nf7 38. Ne4 Qc8 39. Rfc1 Rb7 40. c5 Bb8 41. d6 Nc6 42.
Rg1 Rg8 43. Nf6 Rg7 44. Ng4+ Kh7 45. Nf6+ Kh8 46. Nxg6+ Rxg6 47. Qxg6 1-0

[Event "Let's Play Chess!"]
[Site "http://www.queenalice.com/game.php?id=1859177"]
[Date "2025.6.25"]
[Round "-"]
[White "Charles56"]
[Black "Rasumichin"]
[Result "1-0"]
[WhiteElo "1762"]
[BlackElo "1644"]

1. e4 e5 2. Nf3 Nc6 3. a3 d5 4. exd5 Qxd5 5. Nc3 Qc5 6. d3 h6 7. Be3 Qd6 8. d4
exd4 9. Bxd4 Bg4 10. Qe2+ Nge7 11. O-O-O O-O-O 12. h3 Bf5 13. Bxg7 Qf4+ 14. Kb1
Bxg7 15. Nd2 Rd6 16. g3 Qg5 17. Bg2 Rhd8 18. h4 Qf6 19. Nde4 Bxe4 20. Bxe4 Nd4
21. Qe3 Qe5 22. f4 Nef5 23. Qd3 Nxg3 24. fxe5 Bxe5 25. Qe3 Nxh1 26. Bxb7+ Kxb7
27. Qxe5 Nf2 28. Rd2 Nf3 29. Rxd6 Nxe5 30. Rxd8 Nfg4 31. h5 Nc6 32. Re8 Nf6 33.
Rh8 Ng4 34. Nd5 a5 35. Rg8 f5 36. Rg7 Nge5 37. Rxc7+ Ka6 38. Rh7 Ng4 39. Nf4 Nd4
40. b4 a4 41. Rd7 Nf3 42. c4 Nge5 43. Rd6+ Kb7 44. c5 Nc6 45. Rxh6 Nd2+ 46. Kc2
Nc4 47. Rh7+ Kb8 48. Kc3 Nxa3 49. Nd5 Nb1+ 50. Kb2 Nd2 51. Rf7 Nd4 52. Nc3 Nc4+
53. Ka2 Nc6 54. Nxa4 Nxb4+ 55. Kb3 Nd6 56. cxd6 Nc6 57. h6 Nd4+ 58. Kc4 Ne6 59.
h7 Ng5 60. Rxf5 Nxh7 61. Kc5 Kc8 62. Nb6+ Kd8 63. Kc6 Ke8 64. d7+ Ke7 65. Nd5+
Kd8 66. Rf7 1-0

[Event "Let's Play Chess!"]
[Site "http://www.queenalice.com/game.php?id=1859178"]
[Date "2025.6.25"]
[Round "-"]
[White "Rasumichin"]
[Black "Charles56"]
[Result "0-1"]
[WhiteElo "1683"]
[BlackElo "1843"]

1. e4 e5 2. Nf3 d6 3. d4 exd4 4. Nxd4 a6 5. Be3 Bd7 6. Bd3 Nc6 7. Nc3 Nxd4 8.
Bxd4 Nh6 9. f3 Qe7 10. Qd2 Bc6 11. O-O Qd7 12. Qf4 O-O-O 13. Qg5 f6 14. Qa5 Nf7
15. Bc4 Ne5 16. Bxa6 Kb8 17. Qb4 d5 18. Rfe1 Bxb4 19. Be2 Bxc3 20. Bxc3 dxe4 21.
Red1 Qe7 22. f4 Ng6 23. f5 Qc5+ 24. Kh1 Rxd1+ 25. Rxd1 Nf4 26. Bg4 e3 27. Bd4
Qxc2 28. Bf3 Bxf3 29. Rg1 Nxg2 30. Rf1 Nh4+ 0-1

[Event "AUTO-INT-3925"]
[Site "http://www.queenalice.com/game.php?id=1859497"]
[Date "2025.7.6"]
[Round "2"]
[White "Rasumichin"]
[Black "game"]
[Result "1/2-1/2"]
[WhiteElo "1633"]
[BlackElo "1641"]

1. e4 c5 2. Nf3 d6 3. d4 e5 4. d5 Nf6 5. Bd3 Qc7 6. c4 b5 7. cxb5 c4 8. Bc2 Ng4
9. O-O Bd7 10. Nc3 Qb6 11. h3 Nf6 12. a4 Qa5 13. Bd2 Nh5 14. Nh4 Be7 15. Nf5
Bxf5 16. exf5 Nf6 17. f4 exf4 18. Bxf4 Nbd7 19. Qd4 O-O 20. b3 Nb6 21. bxc4 Rac8
22. Ra3 Nxc4 23. Ra2 Nb6 24. Re1 Qxc3 25. Qxc3 Rxc3 26. Rxe7 Nbxd5 27. Rxa7 Nb4
28. Bxd6 Nxa2 29. Bxf8 Kxf8 30. Ra8+ Ke7 31. b6 Rxc2 32. b7 Nd7 33. a5 Rb2 34.
a6 Nc3 35. g4 Nb5 36. b8=Q Nxb8 37. Rxb8 Kd7 38. Rb7+ Kc6 39. Rxf7 Kb6 40. Rxg7
Kxa6 41. Rxh7 Rb3 42. Kg2 Nd4 43. f6 Ne6 44. g5 Nxg5 45. Rg7 Ne6 46. f7 Rb2+ 47.
Kg3 Rb8 48. Rg8 Rb3+ 49. Kg4 Rb4+ 50. Kf5 Rb6 51. h4 Nd4+ 52. Kg5 Rb5+ 53. Kf6
Rf5+ 54. Ke7 Re5+ 55. Kf6 Rf5+ 56. Ke7 Nc6+ 57. Ke6 Re5+ 58. Kf6 Re4 59. h5 Rf4+
60. Ke6 Nd4+ 61. Ke5 Rxf7 62. Kxd4 Rd7+ 63. Ke5 Rh7 64. Rg6+ Kb5 65. Rg5 Kc6 66.
Ke6 Kc7 67. Rd5 Rh6+ 68. Ke7 Rh7+ 69. Ke8 Rh8+ 70. Ke7 Kc6 71. Rd6+ Kc7 72. Rd7+
Kc6 73. Rd6+ Kc7 74. Rd7+ Kc6 1/2-1/2

[Event "AUTO-INT-3925"]
[Site "http://www.queenalice.com/game.php?id=1859498"]
[Date "2025.7.6"]
[Round "2"]
[White "game"]
[Black "Rasumichin"]
[Result "1-0"]
[WhiteElo "1724"]
[BlackElo "1657"]

1. e4 e5 2. Nf3 Nc6 3. Bc4 Bc5 4. d3 d6 5. Ng5 Be6 6. Qf3 Qf6 7. Qxf6 Nxf6 8.
O-O Bxc4 9. dxc4 Nd4 10. Nc3 h6 11. Nf3 Nxc2 12. Rb1 Nd4 13. Nxd4 Bxd4 14. Kh1
Ng4 15. Nd5 O-O-O 16. Be3 Nxe3 17. fxe3 Bc5 18. Rxf7 Rd7 19. Ne7+ Kb8 20. Rbf1
Re8 21. Ng6 Rxf7 22. Rxf7 Rg8 23. Ne7 Re8 24. Rxg7 Rh8 25. Nd5 Rf8 26. h4 c6 27.
Ne7 Rf1+ 28. Kh2 Bxe3 29. Rg8+ Kc7 30. a4 a5 31. Ra8 Bg1+ 32. Kg3 Bf2+ 33. Kg4
c5 34. Rxa5 Be1 35. Ra8 Rf4+ 36. Kh5 Rxh4+ 37. Kg6 Rxe4 38. b3 Rg4+ 39. Kxh6
Rxg2 40. Nd5+ Kd7 41. Ra7 Kc6 42. Ne7+ Kc7 43. Nd5+ Kc6 44. Ne7+ Kc7 45. a5 Bd2+
46. Kh5 Rg5+ 47. Kh6 Rg3+ 48. Kh5 Rxb3 49. a6 Kb6 50. Nc8+ Kc7 51. Ra8 e4 52. a7
Rh3+ 53. Kg4 Rc3 54. Rb8 e3 55. a8=Q Rxc4+ 56. Kf5 Rb4 57. Ne7 e2 58. Nd5+ 1-0

[Event "Let's Play Chess!"]
[Site "http://www.queenalice.com/game.php?id=1861954"]
[Date "2025.8.27"]
[Round "-"]
[White "Rasumichin"]
[Black "Charles56"]
[Result "1-0"]
[WhiteElo "1633"]
[BlackElo "1723"]

1. e4 e5 2. Nf3 d6 3. d4 exd4 4. Nxd4 h6 5. Nc3 Nf6 6. Qf3 Bg4 7. Qd3 Qd7 8. Be2
Bxe2 9. Ncxe2 a6 10. Be3 Nc6 11. O-O O-O-O 12. h3 g5 13. Nf5 d5 14. f3 dxe4 15.
Qxd7+ Rxd7 16. g4 Nd5 17. fxe4 Nxe3 18. Nxe3 Bc5 19. Kf2 Rhd8 20. Rad1 Bxe3+ 21.
Kxe3 Rxd1 22. Rxf7 Nd4 23. Nc3 Nxc2+ 24. Ke2 R1d2+ 25. Kf1 Rh2 26. Kg1 Rxh3 27.
Nd5 Rg3+ 28. Kf2 Rxg4 29. Rxc7+ Kb8 30. Rxc2 Rxe4 31. Nb6 Rd6 32. Kf3 Rf4+ 33.
Ke3 Rxb6 34. a3 Re6+ 35. Kd3 Rd6+ 36. Ke3 Re6+ 37. Kd3 1-0